Normal view MARC view
  • Lester, J. N.

Entry Personal Name

Number of records used in: 3

001 - CONTROL NUMBER

  • control field: 2531

003 - CONTROL NUMBER IDENTIFIER

  • control field: NUST

005 - DATE AND TIME OF LATEST TRANSACTION

  • control field: 20170613113847.0

008 - FIXED-LENGTH DATA ELEMENTS

  • fixed length control field: 170613|| aca||aabn | a|a d

040 ## - CATALOGING SOURCE

  • Original cataloging agency: NUST
  • Transcribing agency: NUST

100 ## - HEADING--PERSONAL NAME

  • Personal name: Lester, J. N.
  • Fuller form of name: (John Norman),
  • Dates associated with a name: 1949-

670 ## - SOURCE DATA FOUND

  • Source citation: Work cat.: (NUST)0: Sterritt, Robert M., 1955- 2526, Microbiology for environmental and public health engineers /, 1988.
© 2023 Central Library, National University of Sciences and Technology. All Rights Reserved.